书目信息 |
| 题名: |
非线性随机系统故障检测
|
|
| 作者: | 路阳 , 梁清梅 著 | |
| 分册: | ||
| 出版信息: | 北京 电子工业出版社 2016.5 |
|
| 页数: | 168页 | |
| 开本: | 24cm | |
| 丛书名: | ||
| 单 册: | ||
| 中图分类: | TP271 | |
| 科图分类: | ||
| 主题词: | 非线性系统(自动化)--故障诊断 | |
| 电子资源: | ||
| ISBN: | 978-7-121-28440-3 | |
| 000 | 01254nam0 2200265 450 | |
| 001 | 0500003271 | |
| 005 | 20171022081613.0 | |
| 010 | @a978-7-121-28440-3@dCNY45.00 | |
| 100 | @a20160518d2016 em y0chiy50 ea | |
| 101 | 0 | @achi |
| 102 | @aCN@b110000 | |
| 105 | @ay z 000yy | |
| 106 | @ar | |
| 200 | 1 | @a非线性随机系统故障检测@9fei xian xing sui ji xi tong gu zhang jian ce@b专著@f路阳, 梁清梅著 |
| 210 | @a北京@c电子工业出版社@d2016.5 | |
| 215 | @a168页@d24cm | |
| 312 | @a封面英文题名:Fault detection of nonlinear stochastic systems | |
| 330 | @a本书致力于复杂系统模型随机发生非线性、随机时延及不完全知识转移概率等故障进行融合改进问题的研究,论述非线性马尔可夫跳跃系统故障检测研究、随机时滞非线性系统故障检测问题研究、基于模糊模型的非线性随机系统鲁棒故障检测、基于状态观测器的非线性随机系统容错控制,同时研究了具有随机丢包的时滞系统、具有信道衰落的离散系统、非线性系统的非脆弱H∞滤波算法。最后探讨了随机模型故障检测技术在车辆导航系统中的应用。 | |
| 510 | 1 | @aFault detection of nonlinear stochastic systems@zeng |
| 606 | 0 | @a非线性系统(自动化)@x故障诊断 |
| 690 | @aTP271@v5 | |
| 701 | 0 | @a路阳@9Lu Yang@f(1976- )@4著 |
| 701 | 0 | @a梁清梅@9liang qing mei@f(1979- )@4著 |
| 801 | 0 | @aCN@b91MARC@c20171022 |
| 905 | @b1035951-5@dTP271@f5@e226 | |
| 非线性随机系统故障检测/路阳, 梁清梅著.-北京:电子工业出版社,2016.5 |
| 168页;24cm |
| ISBN 978-7-121-28440-3:CNY45.00 |
| 本书致力于复杂系统模型随机发生非线性、随机时延及不完全知识转移概率等故障进行融合改进问题的研究,论述非线性马尔可夫跳跃系统故障检测研究、随机时滞非线性系统故障检测问题研究、基于模糊模型的非线性随机系统鲁棒故障检测、基于状态观测器的非线性随机系统容错控制,同时研究了具有随机丢包的时滞系统、具有信道衰落的离散系统、非线性系统的非脆弱H∞滤波算法。最后探讨了随机模型故障检测技术在车辆导航系统中的应用。 |
| ● |
| 相关链接 |
|
|
|
|
正题名:非线性随机系统故障检测
索取号:TP271/226
 
预约/预借
| 序号 | 登录号 | 条形码 | 馆藏地/架位号 | 状态 | 备注 |
| 1 | 1035951 | 210359510 | 第二样本阅览室/ [索取号:TP271/226] | 在馆 | |
| 2 | 1035952 | 210359529 | 第三借阅区/ [索取号:TP271/226] | 在馆 | |
| 3 | 1035953 | 210359538 | 密集书库—计算机科学学院/ [索取号:TP271/226] | 在馆 | |
| 4 | 1035954 | 210359547 | 第三借阅区/ [索取号:TP271/226] | 在馆 | |
| 5 | 1035955 | 210359556 | 第三借阅区/ [索取号:TP271/226] | 在馆 |